Statistics for All Time Champions League Standings

Click here to take the quiz!

General Stats

  • This quiz has been taken 48 times
  • The average score is 23 of 30

Answer Stats

MatchesPointsTeam% Correct
319632FC Barcelona
100%
275512Manchester United F.C.
100%
241417A.C. Milan
98%
201325AFC Ajax
98%
356699FC Bayern Munich
98%
449877Real Madrid CF
98%
92164Manchester City F.C.
96%
177317Chelsea F.C.
94%
243385FC Porto
94%
123221Paris Saint-Germain F.C.
94%
209386Liverpool F.C.
91%
150240Borussia Dortmund
89%
283502Juventus F.C.
89%
187306Arsenal F.C.
87%
140244Atlético Madrid
85%
240371S.L. Benfica
85%
174292Internazionale
83%
136210Olympique Lyonnais
79%
163207PSV Eindhoven
77%
109149A.S. Roma
74%
144205Celtic F.C.
68%
104141Olympique de Marseille
68%
118184Valencia CF
66%
155165Galatasaray S.K.
62%
125160Rangers F.C.
57%
179235FC Dynamo Kyiv
51%
163194R.S.C. Anderlecht
49%
98159Red Star Belgrade
40%
127145Panathinaikos F.C.
32%
156169Olympiacos F.C.
28%

Score Distribution

Percentile by Number Answered

Percent of People with Each Score

Your Score History

You have not taken this quiz